AIDS & HIV in perspective : (Record no. 1008)

MARC details
000 -LEADER
fixed length control field 01372pam a2200349 a 4500
001 - CONTROL NUMBER
control field 2050902
003 - CONTROL NUMBER IDENTIFIER
control field OSt
005 - DATE AND TIME OF LATEST TRANSACTION
control field 20150204140534.0
008 - FIXED-LENGTH DATA ELEMENTS--GENERAL INFORMATION
fixed length control field 930831s1994 enka b 001 0 eng c
010 ## - LIBRARY OF CONGRESS CONTROL NUMBER
LC control number 93021269
020 ## - INTERNATIONAL STANDARD BOOK NUMBER
International Standard Book Number 0521452317 (hardback)
020 ## - INTERNATIONAL STANDARD BOOK NUMBER
International Standard Book Number 0521458749 (pbk.)
040 ## - CATALOGING SOURCE
Original cataloging agency DNLM/DLC
Transcribing agency DLC
Modifying agency DLC
050 00 - LIBRARY OF CONGRESS CALL NUMBER
Classification number RC607.A26
Item number S3738 1994
060 00 - NATIONAL LIBRARY OF MEDICINE CALL NUMBER
Classification number WD 308 S376a 1994
082 00 - DEWEY DECIMAL CLASSIFICATION NUMBER
Classification number WD 308 S376a 1994
Edition number 20
100 1# - MAIN ENTRY--PERSONAL NAME
Personal name Schoub, B. D.
9 (RLIN) 2594
245 10 - TITLE STATEMENT
Title AIDS & HIV in perspective :
Remainder of title a guide to understanding the virus and its consequences /
Statement of responsibility, etc. Barry D. Schoub.
260 ## - PUBLICATION, DISTRIBUTION, ETC. (IMPRINT)
Place of publication, distribution, etc. Cambridge ;
-- New York :
Name of publisher, distributor, etc. Cambridge University Press,
Date of publication, distribution, etc. 1994.
300 ## - PHYSICAL DESCRIPTION
Extent xx, 268 p. :
Other physical details ill. ;
Dimensions 24 cm.
504 ## - BIBLIOGRAPHY, ETC. NOTE
Bibliography, etc Includes bibliographical references (p. [254]-261) and index.
650 #0 - SUBJECT ADDED ENTRY--TOPICAL TERM
Topical term or geographic name as entry element AIDS (Disease)
9 (RLIN) 2595
650 #0 - SUBJECT ADDED ENTRY--TOPICAL TERM
Topical term or geographic name as entry element HIV infections.
9 (RLIN) 2596
650 #2 - SUBJECT ADDED ENTRY--TOPICAL TERM
Topical term or geographic name as entry element Acquired Immunodeficiency Syndrome.
9 (RLIN) 2597
650 #2 - SUBJECT ADDED ENTRY--TOPICAL TERM
Topical term or geographic name as entry element HIV.
9 (RLIN) 2583
740 0# - ADDED ENTRY--UNCONTROLLED RELATED/ANALYTICAL TITLE
Uncontrolled related/analytical title AIDS and HIV in perspective.
856 41 - ELECTRONIC LOCATION AND ACCESS
Materials specified Table of contents
Uniform Resource Identifier http://www.loc.gov/catdir/toc/cam031/93021269.html
856 42 - ELECTRONIC LOCATION AND ACCESS
Materials specified Publisher description
Uniform Resource Identifier http://www.loc.gov/catdir/description/cam025/93021269.html
906 ## - LOCAL DATA ELEMENT F, LDF (RLIN)
a 7
b cbc
c orignew
d 1
e ocip
f 19
g y-gencatlg
942 ## - ADDED ENTRY ELEMENTS (KOHA)
Source of classification or shelving scheme Other/Generic Classification Scheme
Koha item type Short Loan
Holdings
Withdrawn status Lost status Source of classification or shelving scheme Damaged status Not for loan Home library Current library Date acquired Source of acquisition Inventory number Total Checkouts Full call number Barcode Date last seen Price effective from Koha item type
    Other/Generic Classification Scheme     MUST Main Library MUST Main Library 04/02/2015   10017   WD 308 S376a 1994 2015-0260 04/02/2015 04/02/2015 Short Loan